000 00662nam a2200241Ia 4500
003 OSt
005 20220924131753.0
006 a|||||r|||| 00| 0
007 ta
008 220923b |||||||| |||| 00| 0 tel d
024 _a346166
037 _cTextual
040 _aARTS
_cARTS
_btel
041 _2tel
_atel
082 _aW216,NI, 35K1
100 _aChenchaya Darisi Au.
_9202830
245 0 _aNadhivyasmrithulu
260 _aVijayawada
_bAadarsha Grantha Mandali India
_c1961
300 _a115p.
_ccm.
650 _aPOLITICAL SCIENCE
942 _hW216,NI, 35K1
_cTEXL
_2CC
999 _c428145
_d428145